000 00393nam a22001337a 4500
020 _qPB.
040 _cFIZZA ISHAQ
082 _a829.08
_bCRO
100 _aCrossley-Holland ,Kevin.
_9133842
245 _aThe Anglo-Saxon World: An Anthology /
_cKevin Crossley-Holland.
260 _aNew York:
_b Oxford University Press,
_c1982.
300 _a308 P. ;
_c 7.6 x 0.8 x 5 inches
942 _2ddc
_cBK
999 _c616821
_d616821